Diario 1953-1975 Con 20 Vpoesie In Appendice Poesie

I tiakina i:
Ngā taipitopito rārangi puna kōrero
Kaituhi matua: Lino Curci
Hōputu: Pukapuka
Reo:Undetermined
I whakaputaina: Rusconi Editore
Ngā Tūtohu: Tāpirihia he Tūtohu
Kāore He Tūtohu, Me noho koe te mea tuatahi ki te tūtohu i tēnei pūkete!

MARC

LEADER 00000nam a2200000Ia 4500
001 R-154
003 CODICE-MESSINA
005 20260212102447.0
008 260211s9999 xx 000 0 und d
040 |c importazione_messina 
100 |a Lino Curci 
245 0 |a Diario 1953-1975 Con 20 Vpoesie In Appendice 
245 0 |b Poesie 
260 |b Rusconi Editore 
942 |2 ddc  |c BK 
952 |0 0  |1 0  |2 ddc  |4 0  |6 SCAFFALE_2_000000000000000__ARTE  |7 0  |9 30975  |a ME  |b ME  |d 2026-02-11  |l 0  |o SCAFFALE 2 - ARTE  |p R-154  |r 2026-02-11 23:52:15  |w 2026-02-11  |x [REVISIONARE]  |y BK 
999 |c 26637  |d 26637